[Event "Hoogeveen Unive op 16th"]
[Site "Hoogeveen"]
[Date "2012.10.27"]
[Round "9"]
[White "Okkes, Menno"]
[Black "Brynell, Stellan"]
[Result "1/2-1/2"]
[WhiteElo "2368"]
[BlackElo "2500"]
[PlyCount "75"]
[EventDate "2012.10.19"]
[EventType "swiss"]
[EventRounds "9"]
[EventCountry "NED"]
[SourceTitle "EXT 2013"]
[Source "ChessBase"]
[SourceDate "2012.11.22"]
[SourceVersion "1"]
[SourceVersionDate "2012.11.22"]
[SourceQuality "1"]

1. Nf3 Nf6 2. c4 e6 3. g3 d5 4. d4 dxc4 5. Bg2 Bb4+ 6. Bd2 c5 7. Bxb4 cxb4 8. Ne5 0-0 9. a3 Nc6 10. Bxc6 bxc6 11. axb4 Qb6 12. 0-0 Qxb4 13. Qd2 c5 14. Rc1 Qxd2 15. Nxd2 cxd4 16. Rxc4 d3 17. Nxd3 Bd7 18. Rc7 a6 19. Ne4 Bb5 20. Nd6 Bxd3 21. exd3 h6 22. Rb7 Nd5 23. Kf1 g5 24. Ke2 Kg7 25. Nc4 Kf6 26. Nb6 Nxb6 27. Rxb6 Rfc8 28. Kd2 Rc5 29. b4 Rf5 30. Ke3 Re5+ 31. Kd2 Rf5 32. Ke3 Re5+ 33. Kd2 a5 34. Ra4 Rf5 35. Ke3 Re5+ 36. Kd2 Rf5 37. Ke3 Re5+ 38. Kd2 1/2-1/2

[Event "Hoogeveen Unive op 16th"]
[Site "Hoogeveen"]
[Date "2012.10.25"]
[Round "7"]
[White "Okkes, Menno"]
[Black "Van der Lende, Ilias"]
[Result "1-0"]
[WhiteElo "2368"]
[BlackElo "2169"]
[PlyCount "107"]
[EventDate "2012.10.19"]
[EventType "swiss"]
[EventRounds "9"]
[EventCountry "NED"]
[SourceTitle "EXT 2013"]
[Source "ChessBase"]
[SourceDate "2012.11.22"]
[SourceVersion "1"]
[SourceVersionDate "2012.11.22"]
[SourceQuality "1"]

1. Nf3 Nf6 2. c4 e6 3. g3 d5 4. d4 dxc4 5. Bg2 Be7 6. 0-0 0-0 7. Qc2 a6 8. Qxc4 b5 9. Qc2 Bb7 10. Bd2 Be4 11. Qc1 Nc6 12. e3 b4 13. Be1 Qd6 14. Nbd2 Bd3 15. Nc4 Qd8 16. Nfe5 Nxe5 17. Nxe5 Bxf1 18. Nc6 Qd6 19. Nxe7+ Qxe7 20. Bxa8 Rxa8 21. Qc6 Rb8 22. Kxf1 Rb6 23. Qa8+ Qe8 24. Qxe8+ Nxe8 25. Rc1 c6 26. a3 bxa3 27. bxa3 f5 28. a4 a5 29. Rc5 Ra6 30. Rxa5 Nc7 31. Rxa6 Nxa6 32. Ke2 Kf7 33. f3 Ke7 34. e4 Kd6 35. Kd3 fxe4+ 36. fxe4 e5 37. dxe5+ Kxe5 38. Bc3+ Kd6 39. Ke3 g6 40. Kf4 Ke6 41. g4 h6 42. a5 c5 43. h4 h5 44. gxh5 gxh5 45. Kg5 c4 46. Kxh5 Nc5 47. Kg6 Kd6 48. h5 Nxe4 49. a6 Kc6 50. h6 Nxc3 51. h7 Nb5 52. h8Q Kb6 53. Qf6+ Ka5 54. Qa1+ 1-0

[Event "Hoogeveen Unive op 16th"]
[Site "Hoogeveen"]
[Date "2012.10.24"]
[Round "6"]
[White "Kollen, Zyon"]
[Black "Okkes, Menno"]
[Result "1/2-1/2"]
[WhiteElo "2174"]
[BlackElo "2368"]
[PlyCount "168"]
[EventDate "2012.10.19"]
[EventType "swiss"]
[EventRounds "9"]
[EventCountry "NED"]
[SourceTitle "EXT 2013"]
[Source "ChessBase"]
[SourceDate "2012.11.22"]
[SourceVersion "1"]
[SourceVersionDate "2012.11.22"]
[SourceQuality "1"]

1. e4 e5 2. Nf3 Nc6 3. Bb5 a6 4. Bxc6 dxc6 5. 0-0 Bg4 6. h3 h5 7. d3 Qf6 8. Nbd2 Ne7 9. Re1 Ng6 10. d4 Nf4 11. dxe5 Qg6 12. Nh4 Qe6 13. hxg4 hxg4 14. Nf1 Rd8 15. Bxf4 Rxd1 16. Rexd1 Rxh4 17. Bg5 Be7 18. Bxh4 Bxh4 19. g3 Bg5 20. Rd4 Qxe5 21. Rad1 Qe6 22. b3 g6 23. Nh2 Bf6 24. Rd7 Be5 25. R7d3 Kf8 26. Nf1 Kg7 27. Ne3 b5 28. c4 c5 29. Rd5 bxc4 30. bxc4 Bd6 31. Re1 Be7 32. Rdd1 Bf6 33. e5 Bxe5 34. Rd5 f6 35. Rxc5 Kh7 36. Nd5 c6 37. Nxf6+ Qxf6 38. Rcxe5 Qf3 39. R5e4 Kh6 40. Rf4 Qc3 41. Re6 Qa1+ 42. Kg2 Kh5 43. Rff6 Qxa2 44. Rxc6 Qc2 45. c5 a5 46. Rxg6 a4 47. Rge6 Qc3 48. Rcd6 Qf3+ 49. Kg1 Qf5 50. c6 a3 51. Rh6+ Kg5 52. Rdg6+ Qxg6 53. Rxg6+ Kxg6 54. c7 a2 55. c8Q a1Q+ 56. Kg2 Qd1 57. Qe6+ Kg5 58. Qc6 Kf5 59. Qb5+ Kg6 60. Qe5 Qf3+ 61. Kf1 Qd1+ 62. Qe1 Qd3+ 63. Qe2 Qb1+ 64. Kg2 Qb7+ 65. Kh2 Qd7 66. Kg2 Qb7+ 67. Kh2 Qd7 68. Kg2 Qd4 69. Qc2+ Kf6 70. Kf1 Ke5 71. Qc7+ Kf5 72. Qf7+ Kg5 73. Ke2 Qe4+ 74. Kd2 Qd4+ 75. Kc2 Qe4+ 76. Kc3 Qe1+ 77. Kd4 Qa1+ 78. Kc5 Qa5+ 79. Kd6 Qb6+ 80. Ke5 Qb2+ 81. Ke6 Qb3+ 82. Ke7 Qxf7+ 83. Kxf7 Kf5 84. Ke7 Ke5 1/2-1/2

[Event "Hoogeveen Unive op 16th"]
[Site "Hoogeveen"]
[Date "2012.10.23"]
[Round "5"]
[White "Okkes, Menno"]
[Black "Van Foreest, Lucas"]
[Result "0-1"]
[WhiteElo "2368"]
[BlackElo "1952"]
[PlyCount "62"]
[EventDate "2012.10.19"]
[EventType "swiss"]
[EventRounds "9"]
[EventCountry "NED"]
[SourceTitle "EXT 2013"]
[Source "ChessBase"]
[SourceDate "2012.11.22"]
[SourceVersion "1"]
[SourceVersionDate "2012.11.22"]
[SourceQuality "1"]

1. Nf3 Nf6 2. c4 g6 3. Nc3 Bg7 4. e4 d6 5. d4 0-0 6. Be2 e5 7. 0-0 Nc6 8. d5 Ne7 9. b4 a5 10. Ba3 axb4 11. Bxb4 b6 12. a4 Nh5 13. g3 Bh6 14. a5 bxa5 15. Rxa5 Bh3 16. Re1 c5 17. Rxa8 Qxa8 18. Bxc5 dxc5 19. Nxe5 Bg7 20. f4 Qa3 21. Qd2 Rb8 22. Nb5 Qb3 23. d6 Bxe5 24. dxe7 Bf6 25. Bxh5 gxh5 26. Qd6 Qf3 27. Qxb8+ Kg7 28. Qf8+ Kg6 29. f5+ Kg5 30. Qg8+ Kh6 31. Qf8+ Bg7 0-1

[Event "Hoogeveen Unive op 16th"]
[Site "Hoogeveen"]
[Date "2012.10.21"]
[Round "3"]
[White "Okkes, Menno"]
[Black "Guramishvili, Sopiko"]
[Result "1/2-1/2"]
[WhiteElo "2368"]
[BlackElo "2418"]
[PlyCount "41"]
[EventDate "2012.10.19"]
[EventType "swiss"]
[EventRounds "9"]
[EventCountry "NED"]
[SourceTitle "EXT 2013"]
[Source "ChessBase"]
[SourceDate "2012.11.22"]
[SourceVersion "1"]
[SourceVersionDate "2012.11.22"]
[SourceQuality "1"]

1. Nf3 d5 2. c4 e6 3. e3 Nf6 4. Nc3 Be7 5. b3 0-0 6. Bb2 b6 7. cxd5 exd5 8. Be2 c5 9. d4 Bb7 10. 0-0 Nbd7 11. Rc1 Rc8 12. dxc5 Nxc5 13. Nb5 a6 14. Nbd4 Re8 15. Nf5 Bf8 16. Ng3 b5 17. Nd4 Nfe4 18. Ndf5 Nxg3 19. Nxg3 b4 20. Qd4 Rc7 21. Rfd1 1/2-1/2

[Event "Hoogeveen Unive op 16th"]
[Site "Hoogeveen"]
[Date "2012.10.19"]
[Round "1"]
[White "Okkes, Menno"]
[Black "Schoehuys, Erik"]
[Result "1/2-1/2"]
[WhiteElo "2368"]
[BlackElo "2123"]
[PlyCount "38"]
[EventDate "2012.10.19"]
[EventType "swiss"]
[EventRounds "9"]
[EventCountry "NED"]
[SourceTitle "EXT 2013"]
[Source "ChessBase"]
[SourceDate "2012.11.22"]
[SourceVersion "1"]
[SourceVersionDate "2012.11.22"]
[SourceQuality "1"]

1. Nf3 Nf6 2. c4 g6 3. Nc3 Bg7 4. e4 d6 5. d4 0-0 6. Be2 e5 7. 0-0 exd4 8. Nxd4 Re8 9. f3 Nc6 10. Be3 Nh5 11. Nxc6 bxc6 12. g4 Nf6 13. Qd2 Be6 14. Rad1 c5 15. g5 Nd7 16. f4 Bh3 17. Rfe1 f6 18. gxf6 Nxf6 19. Bf3 Ng4 1/2-1/2

[Event "NED-chT 1112"]
[Site "Netherlands"]
[Date "2012.03.10"]
[Round "7.7"]
[White "Okkes, Menno"]
[Black "Saltaev, Mihail"]
[Result "1/2-1/2"]
[WhiteElo "2386"]
[BlackElo "2484"]
[PlyCount "67"]
[EventDate "2011.09.17"]
[EventType "team-tourn"]
[EventRounds "9"]
[EventCountry "NED"]
[SourceTitle "EXT 2013"]
[Source "ChessBase"]
[SourceDate "2012.11.22"]
[SourceVersion "1"]
[SourceVersionDate "2012.11.22"]
[SourceQuality "1"]
[WhiteTeam "Utrecht"]
[BlackTeam "Voerendaal"]
[WhiteTeamCountry "NED"]
[BlackTeamCountry "NED"]

1. e4 c6 2. d4 d5 3. exd5 cxd5 4. c4 Nf6 5. Nc3 e6 6. Nf3 Bb4 7. Bd3 dxc4 8. Bxc4 Nc6 9. 0-0 0-0 10. a3 Be7 11. Bg5 Nd5 12. Bxe7 Ncxe7 13. Rc1 b6 14. Bxd5 Nxd5 15. Nxd5 Qxd5 16. Rc7 Ba6 17. Re1 Rfc8 18. Qc2 Qd8 19. Rc1 Rxc7 20. Qxc7 Qxc7 21. Rxc7 Rc8 22. Rxc8+ Bxc8 23. Nd2 Kf8 24. f4 Ke7 25. Ne4 Bb7 26. Nc3 Bc6 27. Kf2 Kf6 28. h4 Kf5 29. g3 h6 30. Ke3 Kg4 31. Kf2 f6 32. Nd1 Kf5 33. Ke3 Kg4 34. Kf2 1/2-1/2

[Event "NED-chT 1112"]
[Site "Netherlands"]
[Date "2011.10.29"]
[Round "2.6"]
[White "Okkes, Menno"]
[Black "Nagel, Yvette"]
[Result "1-0"]
[WhiteElo "2386"]
[BlackElo "1981"]
[PlyCount "95"]
[EventDate "2011.09.17"]
[EventType "team-tourn"]
[EventRounds "9"]
[EventCountry "NED"]
[SourceTitle "EXT 2012"]
[Source "ChessBase"]
[SourceDate "2011.11.24"]
[SourceVersion "1"]
[SourceVersionDate "2011.11.24"]
[SourceQuality "1"]
[WhiteTeam "Utrecht"]
[BlackTeam "Hilversum HSG"]
[WhiteTeamCountry "NED"]
[BlackTeamCountry "NED"]

1. e4 c5 2. Nf3 e6 3. d4 cxd4 4. Nxd4 Nf6 5. Nc3 Bb4 6. e5 Nd5 7. Bd2 Nxc3 8. bxc3 Be7 9. Qg4 g6 10. Bd3 Nc6 11. Nxc6 dxc6 12. 0-0 Qc7 13. Rae1 Bd7 14. Bg5 Bxg5 15. Qxg5 c5 16. Re3 Bc6 17. Qf6 0-0 18. Rfe1 Qd8 19. Qf4 Qe7 20. h4 Rad8 21. h5 b5 22. Qh6 c4 23. hxg6 fxg6 24. Bxg6 Qg7 25. Bxh7+ Kh8 26. Qxg7+ Kxg7 27. Be4 Bxe4 28. Rxe4 Rd2 29. R4e2 Rfd8 30. f4 Rxe2 31. Rxe2 Rd1+ 32. Kf2 Ra1 33. g4 Rxa2 34. f5 a5 35. Ke3 b4 36. cxb4 axb4 37. Rd2 Ra5 38. Rd7+ Kf8 39. Kd4 b3 40. cxb3 cxb3 41. Rb7 Ra4+ 42. Kc5 Rxg4 43. f6 Ra4 44. Rxb3 Ra7 45. Kc6 Ra6+ 46. Rb6 Ra5 47. Kd6 Kf7 48. Rb7+ 1-0

[Event "Hoogeveen Unive op 15th"]
[Site "Hoogeveen"]
[Date "2011.10.19"]
[Round "6"]
[White "Van Dorp, Folke"]
[Black "Okkes, Menno"]
[Result "1/2-1/2"]
[WhiteElo "2050"]
[BlackElo "2386"]
[PlyCount "32"]
[EventDate "2011.10.14"]
[EventType "swiss"]
[EventRounds "9"]
[EventCountry "NED"]
[SourceTitle "CBM 144 Extra"]
[Source "ChessBase"]
[SourceDate "2011.10.28"]
[SourceVersion "1"]
[SourceVersionDate "2011.10.28"]
[SourceQuality "1"]

1. d4 d5 2. Nf3 Nf6 3. e3 c5 4. c4 e6 5. Nc3 dxc4 6. Bxc4 a6 7. a4 Nc6 8. 0-0 Be7 9. Qe2 cxd4 10. Rd1 e5 11. exd4 exd4 12. Nxd4 Nxd4 13. Qe5 Qd6 14. Qxd4 Qxd4 15. Rxd4 Bc5 16. Rd1 0-0 1/2-1/2

[Event "Hoogeveen Unive op 15th"]
[Site "Hoogeveen"]
[Date "2011.10.17"]
[Round "4"]
[White "Wagner, Dennis"]
[Black "Okkes, Menno"]
[Result "1-0"]
[WhiteElo "2290"]
[BlackElo "2386"]
[PlyCount "57"]
[EventDate "2011.10.14"]
[EventType "swiss"]
[EventRounds "9"]
[EventCountry "NED"]
[SourceTitle "CBM 144 Extra"]
[Source "ChessBase"]
[SourceDate "2011.10.28"]
[SourceVersion "1"]
[SourceVersionDate "2011.10.28"]
[SourceQuality "1"]

1. d4 d5 2. c4 e6 3. Nf3 Nf6 4. g3 Bb4+ 5. Bd2 Be7 6. Bg2 0-0 7. 0-0 c6 8. Bf4 Nbd7 9. Nc3 dxc4 10. e4 Re8 11. a4 b6 12. Nd2 Ba6 13. Qe2 Bb4 14. Rfd1 Qe7 15. Nf3 h6 16. h4 Rac8 17. Qc2 Bb7 18. Ne5 Nxe5 19. dxe5 Nd7 20. Na2 c5 21. Qxc4 g5 22. hxg5 hxg5 23. Rxd7 Qxd7 24. Bxg5 Red8 25. Qe2 Bd2 26. Rd1 Qxa4 27. Qg4 Bxg5 28. Qxg5+ Kh7 29. Qh4+ 1-0